000 00966nam a22002777a 4500
001 6426
003 FISKH
005 20251030081618.0
008 250430b cb ||||| |||| 00| 0 eng d
020 _a9789814281331
040 _aFISKH
_beng
_cFISKH
_dFISKH
050 _aPZ7
082 _a428.6
100 _aSmith, Annett
245 _aThe sleeping beauty /
_cRetold by Annett Smith ; Illustrated by Margaret Power
260 _aNelson Price :
_bMilburn,
_c2000.
300 _a32 pages :
_bcolor illustrations ;
_c21 cm
505 _aG
520 _aThe original Book Banded reading scheme for 4 - 11 years old. Used extensively throughout the UK for Wave 3 reading intervention programmes such as Reading Recovery, Catch Up, Better Reading and more.
521 8 _a380
_bLexile estimate
521 8 _aG
_bRaz-Plus
650 _aCentury
_vCurses
_xDisguise
700 _aMargaret Power
_eillustrator
942 _2ddc
_cBK
_n0
999 _c6426
_d6426